000 01112nam2a2200289 4500
001 RU\NLR\BIBL_A\012002767
005 20230405135023.0
010 _a978-5-04-096758-2
_97000
021 _aRU
_bКН-П-19-025534
_9КН-П-19-1934
035 _a(NLR Aleph) 012002767
035 _a(RuMoRGB)009942700
090 _a11412942
_c11412942
100 _a20190429d2017 u y0rusy50 ca
101 0 _arus
_ceng
102 _aRU
105 _ay z 000ay
200 1 _aГорящий лабиринт
_f[пер. с англ. К. Овериной]
210 _d2017
215 _a476, [2] с.
461 0 _1001RU\NLR\BIBL_A\011411425
_12001#$aИспытания Аполлона$vКн. 3
_911559719
_aРиордан, Р. (1964-)
_cМосква
_d2017
_fРик Риордан
_nЭксмо
_o[для старшего школьного возраста]
_tИспытания Аполлона
_vКн. 3
852 _aNLR
_j2017-3/16247
942 _cBOOK
980 _aNBR
980 _aNB